000 00694nam a2200241 i 4500
001 000017636
003 DO-SdBNP
005 20240411142310.0
007 ta
008 100329s20uu dr ac 000 p spa d
040 _aDO-SdBNP
_bspa
_cBNPHU
_erda
082 _bP349q
_222
100 1 _aJuana, Peña
_938448
_eautora
245 1 0 _aQuién dijo que no /
_cJuana Peña
264 _aSanto Domingo :
_b[editor no identificado],
_c[201-].
300 _a83 páginas
_bilustraciones, retratos
_c23 cm.
336 _2rdacontent
_atexto
_btxt
337 _2rdamedia
_asin mediación
_bn
338 _2rdacarrier
_avolumen
_bnc
590 _aInventariado, 2022 / DG
910 _aDG
942 _2ddc
_cLBS1
999 _c52739
_d52739